|
|
|
|
| LEADER |
00000nam a2200000 a 4500 |
| 001 |
86133 |
| 005 |
20231212063208.0 |
| 008 |
000000|1983 ||||||||r|||||||||||spa|| |
| 040 |
|
|
|b spa
|
| 041 |
1 |
|
|a spa
|
| 082 |
0 |
|
|a 331.11
|
| 100 |
1 |
|
|a Weber, Max.
|d 1864-1920
|9 113755
|
| 245 |
|
|
|a Influencia de la gran industria en el comportamiento de los trabajadores
|b Introducción metodológica al estudio de la adaptación y selección de los trabajadores de la gran industria
|c Max Weber
|h imp
|
| 264 |
|
|
|a Colombia
|b Tercer Mundo
|c 1983
|
| 300 |
|
|
|a 102 páginas:
|c 19 cm
|
| 490 |
|
|
|a Colección Ciencias Sociales: Teoría y Métodos
|
| 504 |
|
|
|a incl. ref.
|
| 650 |
|
|
|a Industria
|9 4255
|
| 650 |
|
|
|a Comportamiento de trabajadores
|9 106902
|
| 650 |
|
|
|a Max weber
|9 106903
|
| 650 |
|
|
|a Trabajo e industria
|9 106904
|
| 650 |
|
4 |
|a Sociología
|9 183
|
| 852 |
|
|
|a UC-CDJBV
|c ESTANTERIA CERRADA
|f Compra
|k maria.naula
|l 1
|m General
|p 00000000
|r 2
|t 86133
|b 0
|d CDRC
|e CDRC
|g 331.11 ESTANTERIA CERRADA
|z 0000-00-00
|
| 942 |
|
|
|c BK
|
| 999 |
|
|
|c 63938
|d 63938
|